| 000 | 00605nam a2200205Ii 4500 | ||
|---|---|---|---|
| 003 | JO-AjNU | ||
| 008 | 230606s9999||||xx |||||||||||||| ||und|| | ||
| 020 | _a978-81-203-4622-2 | ||
| 040 |
_aJO-AjNU _beng _erda _cJO-AjNU |
||
| 041 | _aeng | ||
| 050 | 1 | 4 | _aQA372.2012 |
| 100 | 3 |
_aBiswal,PurnaChandra, _eauthor _93777 |
|
| 245 | 0 | 0 | _a Ordinary differential equations |
| 264 | 3 | 1 | _aNEWDEL:HIPHILEARNING PRIVATE LIMITED,2010 |
| 300 | _a378p | ||
| 336 |
_atext _btxt _2rdacontent |
||
| 337 |
_aunmediated _bn _2rdamedia |
||
| 338 |
_avolume _bnc _2rdacarrier |
||
| 650 | 4 |
_a Differential equations _93778 |
|
| 999 |
_aE1971 _c1971 _d1971 |
||